LEADER 01147nam0-2200385li-450 001 990000158040203316 005 20180312154611.0 010 $a0-89006-547-0 035 $a0015804 035 $aUSA010015804 035 $a(ALEPH)000015804USA01 035 $a0015804 100 $a2001994091992-------y0itay0103----ba 101 0 $aeng 102 $aUS 200 1 $aIntroduction to glass integrated optics$fS. Iraj Najafi editor 210 $aBoston$cArtech House$dcopyr. 1992 610 1 $afibre di vetro 610 1 $afibre ottiche 610 1 $aottica integrata 676 $a621.369 3 702 1$aNajafi,$bS. Iraj 801 $aSistema bibliotecario di Ateneo dell' Università di Salerno$gRICA 912 $a990000158040203316 951 $a621.369 3 INT (A)$b0003211 951 $a621.369 3 INT (B)$b4800 Ing.$c621.369 3 959 $aBK 969 $aTEC 979 $c19940912 979 $c20001110$lUSA01$h1712 979 $c20020403$lUSA01$h1623 979 $aSIAV4$b10$c20031007$lUSA01$h1328 979 $aPATRY$b90$c20040406$lUSA01$h1611 996 $aIntroduction to glass integrated optics$91486890 997 $aUNISA LEADER 01291nam 2200337 n 450 001 996390706703316 005 20200818224238.0 035 $a(CKB)4940000000100896 035 $a(EEBO)2240890845 035 $a(UnM)99835914e 035 $a(UnM)99835914 035 $a(EXLCZ)994940000000100896 100 $a19900816d1616 uy | 101 0 $aeng 135 $aurbn||||a|bb| 200 00$aCertaine comfortable sermons vpon the 124. Psalme$b[electronic resource] $etending to stirre vp to thankefulnesse for our deliuerance from the late Gunpowder-treason: preached before the Lady Elizabeth her Grace, at Combe: by Daniel Dike preacher of the Word of God. Seene and allowed 210 $aLondon $cPrinted by Thomas Snodham for Henry Fetherstone dwelling in Pauls Church-yard at the signe of the Rose$d1616 215 $a[14], 98 p 300 $aReproduction of the original in the British Library. 330 $aeebo-0018 606 $aSermons, English$y17th century 615 0$aSermons, English 700 $aDyke$b Daniel$fd. 1614.$01004969 801 0$bCu-RivES 801 1$bCu-RivES 801 2$bCStRLIN 801 2$bWaOLN 906 $aBOOK 912 $a996390706703316 996 $aCertaine comfortable sermons vpon the 124. Psalme$92365521 997 $aUNISA LEADER 03679nam 2200733 a 450 001 9910959430903321 005 20240416183214.0 010 $a9781907655692 010 $a1907655697 010 $a9781898683742 010 $a1898683743 035 $a(CKB)2670000000346242 035 $a(EBL)3329155 035 $a(SSID)ssj0000647243 035 $a(PQKBManifestationID)12248316 035 $a(PQKBTitleCode)TC0000647243 035 $a(PQKBWorkID)10594029 035 $a(PQKB)10739339 035 $a(SSID)ssj0001045211 035 $a(PQKBManifestationID)12408465 035 $a(PQKBTitleCode)TC0001045211 035 $a(PQKBWorkID)11111990 035 $a(PQKB)11713007 035 $a(Au-PeEL)EBL3329155 035 $a(CaPaEBR)ebr10365215 035 $a(OCoLC)929120066 035 $a(MiAaPQ)EBC3329155 035 $a(Perlego)1974874 035 $a(EXLCZ)992670000000346242 100 $a20050826d2004 uy 0 101 0 $aeng 135 $aur|n|---||||| 181 $ctxt 182 $cc 183 $acr 200 00$aPrechtl's method on the qualitative assessment of general movements in preterm, term and young infants /$fChrista Einspieler ... [et al.] 205 $a1st ed. 210 $aLondon $cMac Keith Press$d2004 215 $a1 online resource (105 p.) 225 0$aClinics in developmental medicine,$x0069-4835 ;$vno. 167 300 $aDescription based upon print version of record. 311 08$a9781898683629 311 08$a189868362X 311 08$a9781898683407 311 08$a1898683409 320 $aIncludes bibliographical references and index. 327 $aIntroduction: how it all came about -- Basic concepts of developmental neurology -- What are spontaneous movements? -- How to record and assess general movements -- What could interfere with the quality of general movements? -- How objective, reliable and valid is the general movement assessment? -- The clinical application of the method -- Quantitative assessment is an insensitive indicator of impaired integrity of the nervous system -- Brain ultrasound and general movement assessment -- Neurological examination and general movement assessment -- What other methods of general movement assessment exist? -- Epilogue. 330 8 $aA quick, non-invasive, non-intrusive and cost-effective method with high reliability and high validity is much in demand for the early detection of neurological anomalies which point to cerebral palsy and developmental deficits later on in life.Over his years as a distinguished developmental neurologist, Heinz Prechtl has devised such a method; a qualitative assessment of general movements (GMs) as a specific predictor for neurological impairments. His method is described in this book.GMs form part of a distinct pattern of movements in preterm babies, term newborns and young infants. They are complex, frequent, and usually of sufficient length. Changes in the normal quality of GMs are a reliable indicator of brain dysfunction. 606 $aPremature infants$xDiseases$xDiagnosis 606 $aInfants$xDiseases$xDiagnosis 606 $aNeurologic examination 615 0$aPremature infants$xDiseases$xDiagnosis. 615 0$aInfants$xDiseases$xDiagnosis. 615 0$aNeurologic examination. 676 $a618.92836075 701 $aEinspieler$b Christa$01793693 701 $aPrechtl$b Heinz F. R$01793695 801 0$bMiAaPQ 801 1$bMiAaPQ 801 2$bMiAaPQ 906 $aBOOK 912 $a9910959430903321 996 $aPrechtl's method on the qualitative assessment of general movements in preterm, term and young infants$94341546 997 $aUNINA